Statistics for Movies By 1 Actor and 1 Actress - Ben Affleck Edition

Click here to take the quiz!

General Stats

  • This quiz has been taken 16 times
  • The average score is 7 of 25

Answer Stats

CastMovie% Correct
Gal Gadot, Ray FisherJustice League
75%
Bruce Willis, Liv TylerArmageddon
63%
Matt Damon, Minnie DriverGood Will Hunting
63%
Rosamund Pike, Tyler PerryGone Girl
56%
Bryan Cranston, Clea DuVallArgo
50%
Jennifer Garner, Michael Clarke DuncanDaredevil
44%
Henry Cavill, Gal GadotBatman v Superman: Dawn of Justice
31%
Kevin Smith, Salma HayekDogma
31%
Jennifer Lopez, Al PacinoGigli
31%
Kate Beckinsale, Cuba Gooding Jr.Pearl Harbor
31%
Anna Kendrick, Jon BernthalThe Accountant
31%
Rebecca Hall, Jeremy RennerThe Town
31%
Matt Damon, Viola DavisAir
25%
Gwyneth Paltrow, Colin FirthShakespeare in Love
25%
Joey Lauren Adams, Jason MewesChasing Amy
19%
Jason Lee, Shannen DohertyMallrats
19%
Charlize Theron, Danny TrejoReindeer Games
19%
Samuel L. Jackson, Toni ColletteChanging Lanes
13%
Sandra Bullock, Steve ZahnForces of Nature
13%
Adrien Brody, Diane LaneHollywoodland
13%
Zoe Saldana, Brendan GleesonLive By Night
13%
Rose McGowan, Liev SchreiberPhantoms
13%
Russell Crowe, Rachel McAdamsState of Play
13%
Anne Hathaway, Willem DafoeThe Last Thing He Wanted
13%
Charlie Hunnam, Adria ArjonaTriple Frontier
13%

Score Distribution

Percentile by Number Answered

Percent of People with Each Score

Your Score History

You have not taken this quiz